Aéroports les plus fréquentés d'Afrique - Statistiques

Statistiques générales
  • Ce quiz a été pris 73 fois
    56 depuis la dernière actualisation
  • Le résultat moyen est 13 sur 25
Statistiques - réponses
Millions Ville % Correct
28,9 Le Caire
100%
9,1 Alger
96%
28,3 Johannesbourg
96%
7,2 Tunis
96%
10,3 Le Cap
92%
10,4 Casablanca
86%
2,9 Dakar
86%
6,6 Lagos
86%
9,2 Marrakech
80%
8,75 Nairobi
78%
11,7 Addis-Abeba
65%
2,8 Dar Es Salaam
53%
3,4 Accra
49%
3,1 Agadir
43%
4,9 Durban
43%
5,4 Abuja
41%
2,7 Saint-Denis
29%
9,6 Hurghada
16%
15,2 Las Palmas de Gran Canaria
16%
13,6 Tenerife Sur
16%
4,8 Santa Cruz, Madère
10%
8,71 Lanzarote
6%
6,8 Sharm el-Sheikh
6%
6,4 Puerto del Rosario
4%
6,7 San Cristóbal de La Laguna
4%
Aucun quiz correspondant
Distribution des résultats
% des personnes avec chaque résultat
Percentile par nombre de réponses
Votre historique - résultats
Vous n’avez pas pris ce quiz depuis la dernière actualisation